期刊信息 |
| 索取号 |
C96/RCYJ
|
| 题名 |
人才研究通讯
|
| 作者 |
江苏省人才研究会
|
| 分册号 |
|
| 分册名 |
|
| 出版地 |
南京
|
| 出版者 |
该会
|
| 标准刊号 |
|
| 出版频率 |
双月刊
|
| 中图法分类 |
C96
|
| 主题词 |
人才学
|
| 电子资源 | |
| |
|
| 000 | 00933nas002200313 45 | |
| 001 | 1196020631 | |
| 005 | 20070419150052.31 | |
| 100 | @a19930710b19831986km y0chiy0121 eb | |
| 101 | 0 | @achi |
| 102 | @aCN@b320000 | |
| 110 | @aagaz 0yu0 | |
| 200 | 1 | @a人才研究通讯@AREN CAI YAN JIU TONG XUN@f江苏省人才研究会@FJIANG SU SHENG REN CAI YAN JIU HUI |
| 207 | 0 | @a1983,no.1(1983)~1986,no.6(1986,12)=总5~27 |
| 210 | @a南京@c该会@d1983~86 | |
| 215 | @a23no.@d26cm | |
| 300 | @a1983有增刊1期 | |
| 300 | @a1984年前为内部刊物 | |
| 326 | @a双月刊@b1984~1986 | |
| 326 | @a季刊@b1983 | |
| 430 | 1 | @12001 @a江苏人才研究通讯 |
| 440 | 1 | @12001 @a人才 |
| 540 | 1 | @a人才 研究 通讯@AREN CAI YAN JIU TONG XUN |
| 606 | 0 | @a人才学 |
| 676 | @a658.3@v19 | |
| 690 | @aC96@v3 | |
| 690 | @aC96@v4 | |
| 711 | 02 | @a江苏省人才研究会@AJIANG SU SHENG REN CAI YAN JIU HUI@4主办 |
| 801 | 0 | @aCN@bPFT@c20070419 |
| 905 | @a1@cQ@dC96@eRCYJ | |
| 人才研究通讯/江苏省人才研究会.-1983,no.1(1983)~1986,no.6(1986,12)=总5~27.-南京:该会,1983~86 |
| 23no.;26cm |
| 1983有增刊1期.-1984年前为内部刊物.-继承:.-由:继承 |
| ● |
| 相关链接: |
|
|
|
|